LEADER 00890cam0 2200265 450 001 E600200008078 005 20210901074844.0 100 $a20041130d1946 |||||ita|0103 ba 101 $aeng 102 $aGB 200 1 $aThanks before going$fby John Masefield$gNotes on some of the Original Poems of Dante Gabriel Rossetti 210 $aLondon$cToronto 215 $aVI, 68 p.$d18 cm 300 $aDono Corrado 700 1$aMasefield$b, John$3A600200029410$4070$0132333 702 1$aRossetti, Dante Gabriel$3A600200029411$4070 801 0$aIT$bUNISOB$c20210901$gRICA 850 $aUNISOB 852 $aUNISOB$j820$m111100 912 $aE600200008078 940 $aM 102 Monografia moderna SBN 941 $aM 957 $a820$b002522$gSi$d111100$rdono Corrado$1beth$2UNISOB$3UNISOB$420041130090005.0$520150604101759.0$6Alfano 996 $aThanks before going$91670325 997 $aUNISOB LEADER 01324nam a2200325 i 4500 001 991002621149707536 008 141104s2000 it 00 ita 020 $a9788862504324 035 $ab14204435-39ule_inst 040 $aDip.to di Storia, Società e Studi sull'Uomo$bita 082 04$a980.02 082 04$a910.014 245 00$aCreare la nazione :$bi nomi dei paesi della America Latina /$ca cura di José Carlos Chiaramonte, Carlos Marichal, Aimer Granados 260 $aMilano :$bGuerini,$cc2014 300 $a384 p. ;$c21 cm. 440 0$aStoriografica ;$v23 500 $aTit. orig.: Crear la nación 500 $aTraduzione di Alessandra Manzi 650 4$aStati$xDenominazione$zAmerica Latina$ySec. 19. 651 4$aPaesi latino-americani$xToponomastica 700 1 $aChiaramonte, José Carlos 700 1 $aMarichal, Carlos 700 1 $aGranados, Aimer 907 $a.b14204435$b12-09-16$c04-11-14 912 $a991002621149707536 945 $aLE023 980.02 CRE 1 1$g1$i2023000169360$lle023$op$pE25.00$q-$rl$s- $t0$u1$v1$w1$x0$y.i15642975$z12-11-14 945 $aLE023 980.02 CRE 1 1 bis $g2$i2023000144411$lle023$op$pE25.00$q-$rl$s- $t0$u0$v0$w0$x0$y.i15729448$z25-07-16 996 $aCreare la nazione$9258305 997 $aUNISALENTO 998 $ale023$b10-11-14$cm$da $e-$fita$git $h0$i0